| 000 | 004690000a22001690004500 | ||
|---|---|---|---|
| 003 | MACL | ||
| 005 | 20160109155900.0 | ||
| 008 | 160109b xxu||||| |||| 00| 0 eng d | ||
| 040 |
_aMACL _cMACL |
||
| 041 | _aEnglish | ||
| 082 | _a914.4/EDW | ||
| 100 |
_aEdwards, Miss Betham _930553 |
||
| 245 |
_aArthur Youngs _bTravels in France during the Years 1787 1788 1789 |
||
| 260 |
_bG Bell & Sons Ltd _c1912 _aLondon |
||
| 650 |
_aTravel _930554 |
||
| 942 |
_cBK _k914.4/EDW _2ddc |
||
| 999 |
_c38168 _d38168 |
||